Five Most Populated Countries by Groups - Statistics

General Stats
  • This quiz has been taken 420 times
  • The average score is 31 of 40
Answer Stats
Hint Answer % Correct
NATO United Kingdom
98%
Closer to Italy than Israel is United Kingdom
98%
NATO United States
98%
APEC United States
98%
Begins with a Vowel United States
98%
Bordering Russia China
97%
APEC China
97%
Latin America Brazil
96%
NATO France
96%
Latin America Argentina
95%
NATO Germany
95%
Closer to Italy than Israel is Germany
95%
Latin America Mexico
93%
APEC Mexico
93%
Latin America Colombia
91%
Majority-Muslim Indonesia
90%
APEC Indonesia
90%
Begins with a Vowel Indonesia
90%
Latin America Peru
90%
Bordering Russia Ukraine
89%
Begins with a Vowel India
86%
Majority-Muslim Iran
86%
Majority-Muslim Pakistan
84%
Majority-Muslim Egypt
83%
Closer to Italy than Israel is Egypt
83%
Begins with a Vowel Egypt
83%
NATO Turkey
83%
Closer to Italy than Israel is Turkey
83%
Bordering Russia Kazakhstan
79%
Closer to Italy than Israel is Russia
73%
APEC Russia
73%
Bordering Russia Poland
71%
Majority-Muslim Bangladesh
63%
Bordering Russia North Korea
59%
Begins with a Vowel Ethiopia
52%
Recognizes Taiwan Guatemala
25%
Recognizes Taiwan Honduras
25%
Recognizes Taiwan Paraguay
25%
Recognizes Taiwan Nicaragua
24%
Recognizes Taiwan Burkina Faso
6%
No matching quizzes found
Score Distribution
Percent of People with Each Score
Percentile by Number Answered
Your Score History
You have not taken this quiz